[Event "World ol U16"]
[Site "Corum"]
[Date "2019.11.01"]
[Round "5.20"]
[White "Laohawirapap, Prin"]
[Black "Taban, Yagiz"]
[Result "1-0"]
[WhiteElo "1774"]
[BlackElo "1591"]
[PlyCount "91"]
[EventDate "2019.10.29"]
[EventType "team-swiss"]
[EventRounds "9"]
[EventCountry "TUR"]
[SourceTitle "CBM 192 Extra"]
[Source "Chessbase"]
[SourceDate "2019.11.06"]
[SourceVersion "1"]
[SourceVersionDate "2019.11.06"]
[SourceQuality "1"]
[WhiteTeam "Thailand"]
[BlackTeam "Turkey Corum"]
[WhiteTeamCountry "THA"]
[BlackTeamCountry "TUR"]

1. e4 c5 2. c3 Nf6 3. e5 Nd5 4. d4 cxd4 5. Nf3 e6 6. cxd4 d6 7. Bc4 Nc6 8. 0-0 Nb6 9. Bb5 dxe5 10. Nxe5 Bd7 11. Bxc6 Bxc6 12. Nxc6 bxc6 13. Qg4 Qf6 14. Be3 Be7 15. Nd2 0-0 16. Rac1 Rac8 17. Nf3 Nd7 18. Qe4 Qg6 19. Qxg6 hxg6 20. Rc2 Bd6 21. Rfc1 Nb8 22. Ne5 Bxe5 23. dxe5 a6 24. Bc5 Rfd8 25. Bd6 Rd7 26. g3 Rb7 27. b3 g5 28. Kg2 Rb5 29. f4 gxf4 30. gxf4 Rd5 31. Kf3 a5 32. Rc5 Rd8 33. Rxd5 cxd5 34. Rc5 Nd7 35. Rxa5 f6 36. Ra7 Nf8 37. Ke3 Ng6 38. b4 Nh4 39. Bc7 d4+ 40. Kd3 Rd5 41. Ra8+ Kf7 42. Rd8 Rb5 43. Kc4 Rb7 44. Bd6 Ra7 45. Kb3 d3 46. Bc5 1-0

[Event "World ol U16"]
[Site "Corum"]
[Date "2019.10.30"]
[Round "3.8"]
[White "Taban, Yagiz"]
[Black "Kusa, Jakub"]
[Result "0-1"]
[WhiteElo "1591"]
[BlackElo "2156"]
[PlyCount "108"]
[EventDate "2019.10.29"]
[EventType "team-swiss"]
[EventRounds "9"]
[EventCountry "TUR"]
[SourceTitle "CBM 192 Extra"]
[Source "Chessbase"]
[SourceDate "2019.11.06"]
[SourceVersion "1"]
[SourceVersionDate "2019.11.06"]
[SourceQuality "1"]
[WhiteTeam "Turkey Corum"]
[BlackTeam "Czech Republic"]
[WhiteTeamCountry "TUR"]
[BlackTeamCountry "CZE"]

1. Nc3 e5 2. Nf3 Nc6 3. g3 Nf6 4. d3 d5 5. Bg2 Be7 6. 0-0 0-0 7. e4 dxe4 8. dxe4 Bg4 9. Bg5 Nd4 10. Bxf6 Bxf6 11. Nd5 Bg5 12. c3 Nxf3+ 13. Bxf3 Be6 14. h4 Bh6 15. Qc2 c6 16. Nb4 Qf6 17. Qe2 Rfd8 18. Rfd1 a5 19. Nd3 Bc4 20. Bg2 Bxd3 21. Rxd3 Rxd3 22. Qxd3 Rd8 23. Qf3 Qd6 24. Qe2 g6 25. Bf3 Qe6 26. Rd1 Rxd1+ 27. Qxd1 Qxa2 28. Qc2 Bf8 29. Bd1 b5 30. Qb3 Qxb3 31. Bxb3 Bh6 32. Ba2 Bc1 33. b3 Kf8 34. Kf1 Bb2 35. c4 Ke7 36. Ke2 Bc3 37. g4 Kd6 38. Kd3 Bb4 39. cxb5 cxb5 40. h5 gxh5 41. gxh5 Kc5 42. f3 Be1 43. b4+ Kxb4 44. Bxf7 Ka3 45. h6 Bg3 46. Bg8 Bf4 47. Bxh7 Bxh6 48. Kc2 b4 49. Bg8 a4 50. f4 Bxf4 51. Kb1 b3 52. Ka1 Kb4 53. Kb1 a3 54. Bd5 Be3 0-1